Without Sporcle: Holiday Quiz Stats

 Plays Quiz not verified by Sporcle

Score 0/45 Timer 08:00
6 Plays Today
Hint Answer % Correct
Santa's ReindeersDasher
94.3%
Santa's ReindeersBlitzen
93.7%
Santa's ReindeersDancer
92.7%
Santa's ReindeersDonner
90.9%
Common Halloween CostumesGhost
88.8%
Santa's ReindeersComet
88.5%
Common Halloween CostumesVampire
88.1%
Chinese Zodiac SignsDragon
87%
Chinese Zodiac SignsMonkey
86.6%
Chinese Zodiac SignsOx
86%
US Federal HolidaysNew Year's Day
85.5%
Christmas CarolsWinter Wonderland
83.5%
St. Patrick's Related ItemsGuinness
83.5%
Thanksgiving FoodsPumpkin Pie
83.3%
Chinese Zodiac SignsSnake
82.9%
US Federal HolidaysVeterans Day
82.6%
US Federal HolidaysIndependence Day
82.4%
US Federal HolidaysMemorial Day
80.6%
Christmas CarolsLet It Snow
79.6%
Modern BirthstonesTurquoise
78.7%
St. Patrick's Related ItemsShamrock
78.4%
US Federal HolidaysColumbus Day
78.2%
Christmas CarolsFrosty the Snowman
78.1%
Hint Answer % Correct
Thanksgiving FoodsMashed Potatoes
77.9%
St. Patrick's Related ItemsIreland
77.7%
St. Patrick's Related ItemsLeprechaun
76.1%
Thanksgiving FoodsDeviled Eggs
75.7%
Common Halloween CostumesSpider-Man
75.2%
Modern BirthstonesGarnet
74%
Thanksgiving FoodsCranberry Sauce
74%
Chinese Zodiac SignsHorse
72.7%
Diwali Countries*Sri Lanka
72.5%
Common Halloween CostumesDisney Princess
71.8%
St. Patrick's Related ItemsPot of Gold
69.6%
Modern BirthstonesEmerald
67.9%
Diwali Countries*Mauritius
66.2%
Thanksgiving FoodsRoast Turkey
64.9%
Christmas CarolsO Christmas Tree
61%
Diwali Countries*Suriname
59.9%
Common Halloween CostumesMonster
59.5%
Diwali Countries*Nepal
56.2%
Diwali Countries*Singapore
54.7%
Christmas CarolsGood King Wenceslas
50.2%
Modern BirthstonesPeridot
49.2%
Modern BirthstonesSapphire
48.7%

You're not logged in!

Compare scores with friends on all Sporcle quizzes.
OR
Log In

You Might Also Like...

Show Comments

Extras

Top Quizzes Today


Score Distribution

Your Account Isn't Verified!

In order to create a playlist on Sporcle, you need to verify the email address you used during registration. Go to your Sporcle Settings to finish the process.

Report this User

Report this user for behavior that violates our Community Guidelines.

Details: